| 000 | 00817nam a2200217 a 4500 | ||
|---|---|---|---|
| 003 | 0 | ||
| 005 | 20250210110603.0 | ||
| 008 | 120718s19uu xx 00 eng d | ||
| 050 |
_aPGS LB 1062.6 _b.M685 2012 |
||
| 100 | _aMiyazawa, Yasuko D. | ||
| 245 |
_aSocial networking and academic performance of grade 6 SISC students / _cYasuko D. Miyazawa. |
||
| 260 |
_aLas PiƱas City, Philippines : _bSouthville International School and Colleges, _c2012. |
||
| 300 |
_a20 pages : _billustrations ; _c28 cm. |
||
| 504 | _aIncludes bibliographical references. | ||
| 650 |
_aSocial media _vEffects on learning. |
||
| 650 |
_aAcademic achievement _vInfluences. |
||
| 650 | _aTechnology and academic performance. | ||
| 650 |
_aSocial networks _vImpact on students. |
||
| 650 | _aInternet and education. | ||
| 942 |
_2lcc _cPASS |
||
| 999 |
_c98712 _d98712 |
||